Thông tin học
Giới thiệu thông tin các quá trình thông tin và thông tin học; thông tin và tiến bộ xã hội, các loại hình tài liệu, nguồn tin và xử lý tài liệu và các sản phẩm thông tin; lưu trữ và tìm kiếm thông tin....
Đã lưu trong:
| Tác giả chính: | |
|---|---|
| Định dạng: | Sách |
| Năm xuất bản: |
H.
Đại học Quốc gia
2001
|
| Chủ đề: | |
| Tags: |
Thêm thẻ
Không có thẻ, Hãy là người đầu tiên gắn thẻ bản ghi này!
|
| LEADER | 01179nam a2200181 4500 | ||
|---|---|---|---|
| 082 | |a 020 |b Đ406PH | ||
| 100 | |a Đoàn Phan Tân | ||
| 245 | |a Thông tin học |c Đoàn Phan Tân | ||
| 260 | |a H. |c 2001 |b Đại học Quốc gia | ||
| 300 | |a 337 tr. |c 21 cm | ||
| 520 | |a Giới thiệu thông tin các quá trình thông tin và thông tin học; thông tin và tiến bộ xã hội, các loại hình tài liệu, nguồn tin và xử lý tài liệu và các sản phẩm thông tin; lưu trữ và tìm kiếm thông tin.... | ||
| 653 | |a Thông tin học | ||
| 653 | |a Giáo trình | ||
| 942 | |2 ddc |c STK0 | ||
| 999 | |c 7425 |d 7425 | ||
| 952 | |0 0 |1 0 |2 ddc |4 0 |6 020_000000000000000_Đ406PH |7 0 |8 000 |9 67701 |a qbu |b qbu |c D2 |d 2015-02-10 |g 25000 |o 020 Đ406PH |p 7438.c1 |r 0000-00-00 |w 2015-02-10 |y STK0 |0 0 |6 020_000000000000000_Đ406PH | ||
| 952 | |0 0 |1 0 |2 ddc |4 0 |6 020_000000000000000_Đ406PH |7 0 |8 000 |9 67702 |a qbu |b qbu |c D2 |d 2015-02-10 |g 25000 |o 020 Đ406PH |p 7438.c2 |r 0000-00-00 |w 2015-02-10 |y STK0 |0 0 |6 020_000000000000000_Đ406PH | ||
| 952 | |0 0 |1 0 |2 ddc |4 0 |6 020_000000000000000_Đ406PH |7 0 |8 000 |9 67703 |a qbu |b qbu |c D2 |d 2015-02-10 |g 25000 |o 020 Đ406PH |p 7438.c3 |r 0000-00-00 |w 2015-02-10 |y STK0 |0 0 |6 020_000000000000000_Đ406PH | ||